000 00655nam a22001937a 4500
005 20100811115913.0
010 _aENG-99669
020 _a9789380236032
_c75.00
035 _aEN-83201
037 _bDBAD/PUB
082 _a004
100 _aBarani, B.
_910703
245 _aPrimary concepts of computer /
_cby B. Barani
260 _aThanjavur
_bPrintmagic
_c2009
270 _a#2, First Floor, Guru Complex, Rajappa Nagar, Medical College Road
_bThanjavur
_e613007
300 _a129p.
_c21cm (pbk)
942 _2ddc
_cEN
_h004
_mBAR
999 _c40907
_d40907